Văn học Việt Nam trên những chặng đường chống phong kiến Trung Quốc xâm lược

Giới thiệu bốn gia đoạn khác nhau của dòng văn học yêu nước Việt Nam chống phong kiến Trung Quốc xâm lược: Bước khởi phát và trưởng thành, bước phát triển rực rỡ, bước ngoặt mới và bước chuyển hoá qua từng thời kỳ của văn học Việt Nam...

Полное описание

Сохранить в:
Библиографические подробности
Формат:
Язык:Vietnamese
Опубликовано: H. Khoa học xã hội 1981
Предметы:
Метки: Добавить метку
Нет меток, Требуется 1-ая метка записи!
Thư viện lưu trữ: Mạng thư viện Đại học Đà Nẵng
LEADER 01462nam a2200337 4500
001 000004001
003 129
005 20121211001235.0
008 110713s1981 viesd
020 |c 28000 
041 0 |a vie 
082 |a 895.922  |b VĂN 
245 0 0 |a Văn học Việt Nam trên những chặng đường chống phong kiến Trung Quốc xâm lược 
260 |a H.  |b Khoa học xã hội  |c 1981 
300 |a 675 tr.  |c 20 cm. 
500 |a ĐTTS ghi: Ủy Ban khoa học xã hội Việt Nam. Viện Văn học 
520 |a Giới thiệu bốn gia đoạn khác nhau của dòng văn học yêu nước Việt Nam chống phong kiến Trung Quốc xâm lược: Bước khởi phát và trưởng thành, bước phát triển rực rỡ, bước ngoặt mới và bước chuyển hoá qua từng thời kỳ của văn học Việt Nam 
653 |a Phê bình văn học 
653 |a Nghiên cứu văn học 
653 |a Văn học Việt Nam 
910 |a Thi  |d 13/7/2011 
OWN |a LSP 
AVA |a UDN50  |b LSP  |d 895.922 VĂN  |e available  |t Error 5001 Not defined in file expand_doc_bib_avail.  |f 2  |g 1  |h N  |i 0  |k 1 
999 |a From the UDN01 
AVA |a UDN50  |b LSP  |d 895.922 VĂN  |e available  |t Error 5001 Not defined in file expand_doc_bib_avail.  |f 2  |g 1  |h N  |i 0  |k 1 
TYP |a Monograph 
TYP |a Printed language 
980 |a Mạng thư viện Đại học Đà Nẵng